L'esthétique /
Saved in:
| 主要作者: | |
|---|---|
| 格式: | 图书 |
| 语言: | French |
| 出版: |
Paris :
C. Reinwald,
1878.
|
| 丛编: | Bibliothèque des sciences contemporains ;
4 |
| 主题: | |
| 标签: |
添加标签
没有标签, 成为第一个标记此记录!
|
| LEADER | 00718cam a2200217Ia 4500 | ||
|---|---|---|---|
| 001 | 005479280-0 | ||
| 005 | 20020606163548.3 | ||
| 008 | 800128s1878 fr 000 0 fre d | ||
| 035 | 0 | |a ocm05918123 | |
| 040 | |a GZM |c GZM |d DGW |d HFL | ||
| 050 | 1 | 4 | |a N67 |b .V5 1878 |
| 100 | 1 | |a Véron, Eugène. | |
| 245 | 1 | 2 | |a L'esthétique / |c par Eugène Verón. |
| 260 | |a Paris : |b C. Reinwald, |c 1878. | ||
| 300 | |a xxv, 479 p. ; |c 19 cm. | ||
| 490 | 0 | |a Bibliothèque des sciences contemporains ; |v 4 | |
| 504 | |a "Appendice. L'esthétique de Platon": p. [451]-473. | ||
| 650 | 0 | |a Aesthetics. | |
| 776 | 0 | 8 | |i Online version: |a Verón, Eugène, 1825-1889. |t Esthétique. |d Paris : C. Reinwald, 1878 |w (OCoLC)894284967 |
| 988 | |a 20020608 | ||
| 906 | |0 OCLC | ||


